KOHA-Header-6

Design Patterns (Record no. 8450)

000 -LEADER
fixed length control field 00220nam a2200109Ia 4500
020 ## - INTERNATIONAL STANDARD BOOK NUMBER
ISBN 978-0201633610
100 ## - MAIN ENTRY--AUTHOR NAME
Personal name Gamma, Helm
245 #0 - TITLE STATEMENT
Title Design Patterns
260 ## - PUBLICATION, DISTRIBUTION, ETC. (IMPRINT)
Place of publication USA
Name of publisher Addison
Year of publication 2004
300 ## - PHYSICAL DESCRIPTION
Number of Pages 984
942 ## - ADDED ENTRY ELEMENTS (KOHA)
Koha item type Books
Holdings
Withdrawn status Lost status Collection code Permanent Location Current Location Shelving location Date acquired Full call number Accession Number Koha item type
    Computer Science MAJU MAJU Shelf No.A19 2019-09-14 005.4 3166 Books

Powered by Koha